000 00705nam a2200229 i 4500
001 C2-0108594
003 PPAK
005 20180727102636.0
008 970618s xx |||| ||||| | may d
040 _aPPAK
_beng
_cPPAK
_erda
082 0 4 _a920.99595112
_223
090 0 0 _a920.99595112
_bKEL
_dKK
245 0 0 _aKeluarga Awang Osman
264 1 _a[place of publication not identified] :
_b[publisher not identified] ,
_c[date of publication not identified]
300 _a14 pages ;
_c33 cm
336 _2rdacontent
_atext
337 _2rdamedia
_aunmediated
338 _2rdacarrier
_avolume
650 1 0 _aAwang Osman family
700 1 _aHaji Abdul Khalid, Tan Sri Datuk,
_ecompile
942 _ddc
_cB
999 _c26846
_d26846